|
|
|
|
| LEADER |
01103cam a2200301 7i4500 |
| 001 |
0000063065 |
| 005 |
20211015090000.0 |
| 020 |
|
|
|a 9780199744268 (electronic book)
|
| 090 |
0 |
0 |
|a QM511
|b .J69 2012
|
| 100 |
1 |
|
|a Jordan, David R
|
| 245 |
1 |
0 |
|a Surgical anatomy of the ocular adnexa :
|b a clinical approach
|c David R. Jordan, Louise Mawn, Richard L. Anderson.
|
| 250 |
|
|
|a Second edition.
|
| 264 |
|
|
|a Oxford:
|b Oxford University Press,
|c 2012.
|
| 300 |
|
|
|a 1 online resource (213 pages):
|b colour illustrations, text file, PDF.
|
| 336 |
|
|
|a text
|2 rdacontent
|
| 337 |
|
|
|a computer
|2 rdamedia
|
| 338 |
|
|
|a online resource
|2 rdacarrier
|
| 490 |
0 |
|
|a Ophthalmology monographs;
|v 9
|
| 650 |
|
0 |
|a Eye-sockets --
|x Anatomy
|
| 650 |
|
0 |
|a Adnexa oculi --
|x Anatomy
|
| 650 |
|
0 |
|a Anatomy, Surgical and topographical
|
| 655 |
|
0 |
|a Electronic books
|
| 700 |
1 |
|
|a Mawn, Louise
|
| 700 |
1 |
|
|a Anderson, Richard L.
|
| 856 |
4 |
2 |
|u http://library.unisel.edu.my/web/guest/mylibrary
|
| 997 |
|
|
|a Health Sciences, Faculty
|
| 998 |
|
|
|a Nursing, Diploma
|
| 999 |
|
|
|a EBO0007698
|b EBOOK
|c EBOOK
|e Electronic resources
|